000 00695cab a22002055a 4500
001 L144692
008 080805e20080804xxk f 000 0 eng d
035 _a(Sirsi) u144692
041 0 _aeng
110 2 _aEuroProperty
_91216
245 0 2 _aA first step towards change
260 _c2008
490 0 _aEuroProperty
_v4 August 2008, 10(1)
520 _aReports on how the Madrid stock exchange now recommends the RICS Red Book for valuations. However, the Bank of Madrid, which controls the valuations process, has not yet done so.
590 _aKA
650 2 4 _aRICS APPRAISAL AND VALUATION MANUAL
651 4 _aSpain
690 _aPROPERTY-PROPERTY APPRAISAL AND VALUATION
942 _n0
999 _c80550
_d80550